The British Commonwealth of Nations / (Record no. 184186)
[ view plain ]
| 000 -LEADER | |
|---|---|
| fixed length control field | 00914 a2200205 4500 |
| 003 - CONTROL NUMBER IDENTIFIER | |
| control field | NUST |
| 005 - DATE AND TIME OF LATEST TRANSACTION | |
| control field | 20221215141445.0 |
| 010 ## - LIBRARY OF CONGRESS CONTROL NUMBER | |
| LC control number | 58045155 |
| 040 ## - CATALOGING SOURCE | |
| Transcribing agency | Nust |
| 082 ## - DEWEY DECIMAL CLASSIFICATION NUMBER | |
| Classification number | 325.3,JEN |
| 100 ## - MAIN ENTRY--PERSONAL NAME | |
| Personal name | Jennings, Ivor, Sir, |
| 9 (RLIN) | 104979 |
| 245 ## - TITLE STATEMENT | |
| Title | The British Commonwealth of Nations / |
| Statement of responsibility, etc. | Sir Ivor Jennings |
| 250 ## - EDITION STATEMENT | |
| Edition statement | 3rd ed |
| 260 ## - PUBLICATION, DISTRIBUTION, ETC. | |
| Place of publication, distribution, etc. | Hutchinson’s University Library |
| Name of publisher, distributor, etc. | London, |
| Date of publication, distribution, etc. | 1956 |
| 300 ## - PHYSICAL DESCRIPTION | |
| Extent | 175 p.: |
| Other physical details | 19 cm |
| 505 ## - FORMATTED CONTENTS NOTE | |
| Formatted contents note | Where the Sun Never Sets (Page-9), The Nations (Page-13), Responsible Government (Page-55), Free Association (Page-69), A Digression about Laws (Page-78), Defense (Page-84), Foreign Affairs (Page-95), Wide Open Space (Page-105), Imperialism (Page-114), Empire Trade (Page-119), The Commonwealth in the East (Page-125), An Assessment (Page-165). |
| 600 ## - SUBJECT ADDED ENTRY--PERSONAL NAME | |
| Personal name | Jennings, Ivor, Sir, |
| 9 (RLIN) | 104979 |
| 650 ## - SUBJECT ADDED ENTRY--TOPICAL TERM | |
| Topical term or geographic name entry element | The British Commonwealth of Nations |
| 9 (RLIN) | 104980 |
| 942 ## - ADDED ENTRY ELEMENTS (KOHA) | |
| Source of classification or shelving scheme | |
| Koha item type | Book |
| Call number prefix | 325.3,JEN |
| Withdrawn status | Lost status | Source of classification or shelving scheme | Damaged status | Not for loan | Collection code | Permanent Location | Current Location | Date acquired | Total Checkouts | Full call number | Barcode | Date last seen | Price effective from | Koha item type |
|---|---|---|---|---|---|---|---|---|---|---|---|---|---|---|
| Military College of Signals (MCS) | Military College of Signals (MCS) | 12/12/2016 | 325.3 JEN | MCS29458 | 12/08/2016 | 12/12/2016 | Book |
